00484nam a2200145Ia 4500008004100000020002600041040001800067041000800085245006800093260003400161300001800195505007200213650003400285700001900319130821s1977 fr gr fre  a2040101837 204010240X aCo-BoUCMbspa afre aHistoire de la litterature francaisecPierre Brunel... [et al.] aParis (Francia)bBordasc1977 a2 volúmenes aV. 1 : Du Moyen age au XVIIIe siecle -- Vol. 2 : XIXe et XXe siecle04aLiteratura francesaxHistoria aBrunel, Pierre